| 000 | 00642nam a2200181Ia 4500 | ||
|---|---|---|---|
| 008 | 100920s9999 xx 000 0 und d | ||
| 082 |
_b90663 _a24 न 04 |
||
| 100 | _aअनु. कुलकर्णी जी. ए./रिक्टर कॉनराड | ||
| 245 | _aरानातील प्रकाश. | ||
| 260 |
_bऊर्जा प्रकाशन, इलाहाबाद. _c2004 |
||
| 300 |
_a315 _bसाधी |
||
| 365 | _b200 | ||
| 520 | _aसायो. | ||
| 630 | _aरानातील प्रकाश. | ||
| 650 | _aसायो. | ||
| 730 | _aरानातील प्रकाश. | ||
| 942 | _cBOOK | ||
| 999 |
_c731147 _d731144 |
||